000 00406pab a2200157 454500
008 180718b2014 xxu||||| |||| 00| 0 eng d
100 _aArora, Dolly
245 _aTrends in centre-state relations
260 _c2014
300 _ap.50-72.
362 _aJan-Dec
650 _aFederal state relations - India
650 _aFederal state relations
773 _aAdministrative Change
909 _a109490
999 _c109485
_d109485